00922cam a22002291 4500001000400000003000800004005001700012008003900029035001700068040002300085041000800108082002900116100003000145245004700175260005000222300003300272500020300305504003000508526004700538610004400585650006300629837BD-RjUL20211208233234.0131130s1959 ilua ab 000 0 eng a(BD-RjUL)859 aDLCcDLCdDLCbeng aeng00a027.777349216bKNC 19591 aKnapp, Patricia B.d1914-10aCollege teaching and the college library / aChicago:bAmerican Library Association,c1959 aviii, 110 p.billus.c24 cm. aBased on thesis, University of Chicago, issued in microfilm form in 1957 under title: The role of the library of a given college in implementing the course and non-course objectives of that college. aBibliography: p. 109-110. bInformation Science and Library Management20aKnox College, Galesburg, Ill.bLibrary. 0aAcademic librariesxRelations with faculty and curriculum.